Point Processes and their Statistical Inference
Αποθηκεύτηκε σε:
| Κύριος συγγραφέας: | |
|---|---|
| Μορφή: | Βιβλίο |
| Γλώσσα: | English |
| Δημοσίευση: |
New York :
Marcel Dekker,
1991
|
| Έκδοση: | 2nd |
| Σειρά: | Probability, pure and applied ;
; 7 |
| Θέματα: | |
| Ετικέτες: |
Προσθήκη ετικέτας
Δεν υπάρχουν, Καταχωρήστε ετικέτα πρώτοι!
|
MARC
| LEADER | 00000nam a2200000 i 4500 | ||
|---|---|---|---|
| 001 | 1/52199 | ||
| 008 | 950929s1991 eng d | ||
| 020 | |a 0-8247-8532-0 | ||
| 035 | |a 1995 |c ΠΑΥΛΟΠΟΥΛΟΣ |l 10044359 | ||
| 040 | |a GR-MY-UA |b gre |e aacr | ||
| 041 | 0 | |a eng | |
| 082 | 0 | |a 519.2 | |
| 100 | 1 | |a Karr, Alan F. |d 1947- | |
| 245 | 1 | 0 | |a Point Processes and their Statistical Inference / |c Alan F. Karr |
| 250 | |a 2nd | ||
| 260 | |a New York : |b Marcel Dekker, |c 1991 | ||
| 300 | |a 490 p.; |c 23 cm.+ | ||
| 490 | 1 | |a Probability, pure and applied |v ; 7 | |
| 500 | |a Includes bibliographical references and index. | ||
| 650 | 0 | 0 | |a Point processes. |
| 830 | 0 | |a Probability, pure and applied ; |v ; 7 | |
| 852 | |a INST |b SAMOS |e 19950929 |h 519.2 KAR |p 005300004810 |q 005300004810 |t BK |y 0 | ||
| 909 | |a Σ |b 042448 | ||